<?xml version="1.0" encoding="UTF-8"?>
<record
    xmlns:xsi="http://www.w3.org/2001/XMLSchema-instance"
    xsi:schemaLocation="http://www.loc.gov/MARC21/slim http://www.loc.gov/standards/marcxml/schema/MARC21slim.xsd"
    xmlns="http://www.loc.gov/MARC21/slim">

  <leader>00572nam a22001337a 4500</leader>
  <datafield tag="040" ind1=" " ind2=" ">
    <subfield code="c">RUA</subfield>
  </datafield>
  <datafield tag="082" ind1=" " ind2=" ">
    <subfield code="a">LMA TY 2017 B652 Or.1</subfield>
  </datafield>
  <datafield tag="100" ind1=" " ind2=" ">
    <subfield code="a">TY SOPANHA &#x1791;&#x17B8; &#x179F;&#x17BB;&#x1794;&#x1789;&#x17D2;&#x1789;&#x17B6;</subfield>
  </datafield>
  <datafield tag="245" ind1=" " ind2=" ">
    <subfield code="a">study on land use and land cover change in dambae district, tboung khmum province &#x179F;&#x17B7;&#x1780;&#x17D2;&#x179F;&#x17B6;&#x179A;&#x1796;&#x17B8;&#x1780;&#x17B6;&#x179A;&#x1794;&#x17D2;&#x179A;&#x17C2;&#x1794;&#x17D2;&#x179A;&#x17B6;&#x179F;&#x17CB;&#x178A;&#x17B8; &#x1793;&#x17B7;&#x1784;&#x1782;&#x1798;&#x17D2;&#x179A;&#x1794;&#x178A;&#x17B8;&#x1793;&#x17C5;&#x179F;&#x17D2;&#x179A;&#x17BB;&#x1780;&#x178F;&#x17C6;&#x1794;&#x17C2;&#x179A; &#x1781;&#x17C1;&#x178F;&#x17D2;&#x178F;&#x178F;&#x17D2;&#x1794;&#x17BD;&#x1784;&#x1783;&#x17D2;&#x1798;&#x17BB;&#x17C6;</subfield>
  </datafield>
  <datafield tag="260" ind1=" " ind2=" ">
    <subfield code="a">RUA</subfield>
    <subfield code="b">phnom penh</subfield>
    <subfield code="c">2017</subfield>
  </datafield>
  <datafield tag="300" ind1=" " ind2=" ">
    <subfield code="a">x;56p</subfield>
    <subfield code="b">ill;</subfield>
    <subfield code="c">29cm</subfield>
  </datafield>
  <datafield tag="856" ind1=" " ind2=" ">
    <subfield code="u">TY SOPANHA</subfield>
  </datafield>
  <datafield tag="942" ind1=" " ind2=" ">
    <subfield code="c">LMA</subfield>
  </datafield>
  <datafield tag="999" ind1=" " ind2=" ">
    <subfield code="c">18486</subfield>
    <subfield code="d">18486</subfield>
  </datafield>
  <datafield tag="952" ind1=" " ind2=" ">
    <subfield code="0">0</subfield>
    <subfield code="1">0</subfield>
    <subfield code="2">ddc</subfield>
    <subfield code="4">0</subfield>
    <subfield code="6">LMA_TY_2017_000000000000000_B652_OR_1</subfield>
    <subfield code="7">0</subfield>
    <subfield code="9">82592</subfield>
    <subfield code="a">LBB</subfield>
    <subfield code="b">LBB</subfield>
    <subfield code="c">B652</subfield>
    <subfield code="d">2019-12-09</subfield>
    <subfield code="l">6</subfield>
    <subfield code="o">LMA TY 2017 B652 Or.1</subfield>
    <subfield code="p">A063839</subfield>
    <subfield code="r">2023-09-19</subfield>
    <subfield code="s">2023-09-08</subfield>
    <subfield code="w">2019-12-09</subfield>
    <subfield code="y">LMA</subfield>
  </datafield>
  <datafield tag="952" ind1=" " ind2=" ">
    <subfield code="0">0</subfield>
    <subfield code="1">0</subfield>
    <subfield code="2">ddc</subfield>
    <subfield code="4">0</subfield>
    <subfield code="6">LMA_TY_2017_000000000000000_B652_OR_2</subfield>
    <subfield code="7">0</subfield>
    <subfield code="9">82593</subfield>
    <subfield code="a">LBB</subfield>
    <subfield code="b">LBB</subfield>
    <subfield code="c">B652</subfield>
    <subfield code="d">2019-12-09</subfield>
    <subfield code="l">5</subfield>
    <subfield code="o">LMA TY 2017 B652 Or.2</subfield>
    <subfield code="p">A063919</subfield>
    <subfield code="r">2025-02-28</subfield>
    <subfield code="s">2025-01-10</subfield>
    <subfield code="w">2019-12-09</subfield>
    <subfield code="y">LMA</subfield>
  </datafield>
  <datafield tag="952" ind1=" " ind2=" ">
    <subfield code="0">0</subfield>
    <subfield code="1">0</subfield>
    <subfield code="2">ddc</subfield>
    <subfield code="4">0</subfield>
    <subfield code="6">LMA_TY_2017_000000000000000_B652_OR_3</subfield>
    <subfield code="7">0</subfield>
    <subfield code="9">82594</subfield>
    <subfield code="a">LBB</subfield>
    <subfield code="b">LBB</subfield>
    <subfield code="c">B652</subfield>
    <subfield code="d">2019-12-09</subfield>
    <subfield code="l">7</subfield>
    <subfield code="o">LMA TY 2017 B652 Or.3</subfield>
    <subfield code="p">A063867</subfield>
    <subfield code="r">2024-07-29</subfield>
    <subfield code="s">2024-02-23</subfield>
    <subfield code="w">2019-12-09</subfield>
    <subfield code="y">LMA</subfield>
  </datafield>
  <datafield tag="952" ind1=" " ind2=" ">
    <subfield code="0">0</subfield>
    <subfield code="1">0</subfield>
    <subfield code="2">ddc</subfield>
    <subfield code="4">0</subfield>
    <subfield code="6">LMA_TY_2017_000000000000000_B652_OR_4</subfield>
    <subfield code="7">0</subfield>
    <subfield code="9">82595</subfield>
    <subfield code="a">LBB</subfield>
    <subfield code="b">LBB</subfield>
    <subfield code="c">B652</subfield>
    <subfield code="d">2019-12-09</subfield>
    <subfield code="l">4</subfield>
    <subfield code="m">1</subfield>
    <subfield code="o">LMA TY 2017 B652 Or.4</subfield>
    <subfield code="p">A063723</subfield>
    <subfield code="r">2024-01-12</subfield>
    <subfield code="s">2023-10-23</subfield>
    <subfield code="w">2019-12-09</subfield>
    <subfield code="y">LMA</subfield>
  </datafield>
  <datafield tag="952" ind1=" " ind2=" ">
    <subfield code="0">0</subfield>
    <subfield code="1">0</subfield>
    <subfield code="2">ddc</subfield>
    <subfield code="4">0</subfield>
    <subfield code="6">LMA_TY_2017_000000000000000_B652_OR_5</subfield>
    <subfield code="7">0</subfield>
    <subfield code="9">82596</subfield>
    <subfield code="a">LBB</subfield>
    <subfield code="b">LBB</subfield>
    <subfield code="c">B652</subfield>
    <subfield code="d">2019-12-09</subfield>
    <subfield code="l">5</subfield>
    <subfield code="o">LMA TY 2017 B652 Or.5</subfield>
    <subfield code="p">A063739</subfield>
    <subfield code="r">2025-03-01</subfield>
    <subfield code="s">2025-01-28</subfield>
    <subfield code="w">2019-12-09</subfield>
    <subfield code="y">LMA</subfield>
  </datafield>
  <datafield tag="952" ind1=" " ind2=" ">
    <subfield code="0">0</subfield>
    <subfield code="1">0</subfield>
    <subfield code="2">ddc</subfield>
    <subfield code="4">0</subfield>
    <subfield code="6">LMA_TY_2017_000000000000000_B652_OR_6</subfield>
    <subfield code="7">0</subfield>
    <subfield code="9">82597</subfield>
    <subfield code="a">LBB</subfield>
    <subfield code="b">LBB</subfield>
    <subfield code="c">B652</subfield>
    <subfield code="d">2019-12-09</subfield>
    <subfield code="l">3</subfield>
    <subfield code="o">LMA TY 2017 B652 Or.6</subfield>
    <subfield code="p">A063927</subfield>
    <subfield code="r">2022-07-22</subfield>
    <subfield code="s">2022-06-13</subfield>
    <subfield code="w">2019-12-09</subfield>
    <subfield code="y">LMA</subfield>
  </datafield>
</record>
